000 00402nam a2200169Ia 4500
008 230711s9999||||xx |||||||||||||| ||und||
020 _a978-81-317-6090-1
041 _aENG
082 _a621.31042
_bGH-E
100 _aGhosh,Smarajit
245 0 _aElectrical machines
250 _a2nd Ed.
260 _c2012
_aNew Delhi
_bPearson
300 _a824
650 _aElectrical Engineering
942 _cBK
999 _c8791
_d8791